Statistics for Countries From Which All Aircarriers Are Banned In European Union

Click here to take the quiz!

General Stats

  • This quiz has been taken 52 times
  • The average score is 6 of 13

Answer Stats

Answer% Correct
Syria
70%
Sudan
68%
Libya
64%
Afghanistan
60%
Democratic Republic of the Congo
51%
Eritrea
51%
Djibouti
45%
Liberia
36%
Sierra Leone
36%
Equatorial Guinea
30%
Nepal
28%
Kyrgyzstan
17%
Sao Tome and Principe
6%

Score Distribution

Percentile by Number Answered

Percent of People with Each Score

Your Score History

You have not taken this quiz